LEADER 01175nam0 2200313 i 450 001 RAV0306471 005 20231121125642.0 010 $a8817845418 100 $a19980422d1997 ||||0itac50 ba 101 | $aita 102 $ait 181 1$6z01$ai $bxxxe 182 1$6z01$an 200 1 $aCristianesimo$fHans Küng$gtraduzione di Giovanni Moretto 210 $a[Milano!$cRizzoli$d1997 215 $a938 p.$d24 cm. 500 10$a˜Das œChristentum.$3RAV0306474$9CFIV016476$91734142 606 $aCristianesimo$xStoria$2FIR$3RMLC004119$9E 700 1$aKüng$b, Hans$3CFIV016476$4070$0390413 702 1$aMoretto$b, Giovanni$f <1939-2006>$3CFIV017168 801 3$aIT$bIT-01$c19980422 850 $aIT-RM028 $aIT-FR0098 899 $aBiblioteca Universitaria Alessandrina$bRM028 899 $aBiblioteca Area Giuridico Economica$bFR0098 $eN 912 $aRAV0306471 950 0$aBiblioteca Area Giuridico Economica$d 53ATENE D2 KUN$e 53ATE0000283855 VMS A4 Dono Fam. Carandini$fA $h20220914$i20220914 977 $a 01$a 53 996 $aChristentum$91734142 997 $aUNICAS LEADER 04026nam 22009495 450 001 9910971360103321 005 20250609111707.0 010 $a9786613657350 010 $a9781280680427 010 $a1280680423 010 $a9781137016508 010 $a1137016507 024 7 $a10.1057/9781137016508 035 $a(CKB)2560000000080471 035 $a(EBL)931759 035 $a(OCoLC)795120170 035 $a(SSID)ssj0000654667 035 $a(PQKBManifestationID)11423682 035 $a(PQKBTitleCode)TC0000654667 035 $a(PQKBWorkID)10662626 035 $a(PQKB)11270370 035 $a(DE-He213)978-1-137-01650-8 035 $a(MiAaPQ)EBC931759 035 $a(PPN)227902394 035 $a(Perlego)3501609 035 $a(MiAaPQ)EBC4328276 035 $a(EXLCZ)992560000000080471 100 $a20151124d2012 u| 0 101 0 $aeng 135 $aur|n|---||||| 181 $ctxt 182 $cc 183 $acr 200 14$aThe Black Campus Movement $eBlack Students and the Racial Reconstitution of Higher Education, 1965-1972 /$fby Ibram X. Kendi 205 $a1st ed. 2012. 210 1$aNew York :$cPalgrave Macmillan US :$cImprint: Palgrave Macmillan,$d2012. 215 $a1 online resource (251 p.) 225 1 $aContemporary Black History 300 $aDescription based upon print version of record. 311 08$a9780230117808 311 08$a0230117805 311 08$a9780230117815 311 08$a0230117813 320 $aIncludes bibliographical references and index. 327 $aCover; Title; Copyright; Dedication; Contents; List of Illustrations; Acknowledgments; Abbreviations Used in the Text; Introduction; 1 An "Island Within": Black Students and Black Higher Education Prior to 1965; 2 "God Speed the Breed": New Negro in the Long Black Student Movement; 3 "Strike While the Iron Is Hot": Civil Rights in the Long Black Student Movement; 4 "March Th at Won't Turn Around": Formation and Development of the Black Campus Movement; 5 "Shuddering in a Paroxysm of Black Power": A Narrative Overview of the Black Campus Movement 327 $a6 "A Fly in Buttermilk": Black Campus Movement Organizations, Demands, Protests, and Support7 "Black Jim Crow Studies": Opposition and Repression; 8 "Black Students Refuse to Pass the Buck": The Racial Reconstitution of Higher Education; Epilogue: Backlash and Forward Lashes of the Black Campus Movement; Abbreviations Used in the Notes; Notes; Index 330 $aThis book provides the first national study of this intense and challenging struggle which disrupted and refashioned institutions in almost every state. It also illuminates the context for one of the most transformative educational movements in American history through a history of black higher education and black student activism before 1965. 410 0$aContemporary Black History 606 $aEducation$xHistory 606 $aCivilization$xHistory 606 $aEducation, Higher 606 $aUnited States$xHistory 606 $aHistory, Modern 606 $aSocial history 606 $aHistory of Education 606 $aCultural History 606 $aHigher Education 606 $aUS History 606 $aModern History 606 $aSocial History 615 0$aEducation$xHistory. 615 0$aCivilization$xHistory. 615 0$aEducation, Higher. 615 0$aUnited States$xHistory. 615 0$aHistory, Modern. 615 0$aSocial history. 615 14$aHistory of Education. 615 24$aCultural History. 615 24$aHigher Education. 615 24$aUS History. 615 24$aModern History. 615 24$aSocial History. 676 $a378.1/982996073 686 $aHIS036060$aHIS054000$aHIS037070$aEDU016000$aEDU015000$2bisacsh 700 $aKendi$b Ibram X$0790825 801 0$bMiAaPQ 801 1$bMiAaPQ 801 2$bMiAaPQ 906 $aBOOK 912 $a9910971360103321 996 $aThe Black Campus Movement$94348706 997 $aUNINA